|
|
|
|
| LEADER |
02026nam a2200625 a 4500 |
| 001 |
nkc20142626676 |
| 003 |
CZ PrNK |
| 005 |
20150227101054.0 |
| 007 |
ta |
| 008 |
140925s2014 xr f 000 0 cze |
| 015 |
|
|
|a cnb002626676
|
| 020 |
|
|
|a 978-80-7290-781-6
|q (brož.)
|
| 035 |
|
|
|a (OCoLC)897869295
|
| 040 |
|
|
|a ABA001
|b cze
|
| 041 |
0 |
|
|a cze
|b cze
|b eng
|
| 072 |
|
7 |
|a 101
|x Filozofie
|2 Konspekt
|9 5
|
| 080 |
|
|
|a 115
|2 MRF
|
| 080 |
|
|
|a 111.1/.3
|2 MRF
|
| 080 |
|
|
|a 2-18
|2 MRF
|
| 080 |
|
|
|a 128/129
|2 MRF
|
| 080 |
|
|
|a 165.242.1
|2 MRF
|
| 080 |
|
|
|a 165.12
|2 MRF
|
| 080 |
|
|
|a 165.62
|2 MRF
|
| 080 |
|
|
|a 111
|2 MRF
|
| 080 |
|
|
|a (048.8)
|2 MRF
|
| 100 |
1 |
|
|a Hogenová, Anna,
|d 1946-
|7 jn20001103064
|4 aut
|
| 245 |
1 |
0 |
|a Čas a sebepoznání /
|c Anna Hogenová
|
| 260 |
|
|
|a Praha :
|b Univerzita Karlova v Praze, Pedagogická fakulta,
|c 2014
|
| 300 |
|
|
|a 169 s. ;
|c 21 cm
|
| 504 |
|
|
|a Obsahuje bibliografii a bibliografické odkazy
|
| 546 |
|
|
|a České a anglické resumé
|
| 650 |
0 |
7 |
|a čas
|7 ph116842
|2 czenas
|
| 650 |
0 |
7 |
|a bytí
|7 ph136772
|2 czenas
|
| 650 |
0 |
7 |
|a člověk
|7 ph116876
|2 czenas
|
| 650 |
0 |
7 |
|a duše
|7 ph114376
|2 czenas
|
| 650 |
0 |
7 |
|a sebepoznání
|7 ph116116
|2 czenas
|
| 650 |
0 |
7 |
|a intencionalita (filozofie)
|7 ph121142
|2 czenas
|
| 650 |
0 |
7 |
|a fenomenologie
|7 ph114531
|2 czenas
|
| 650 |
0 |
7 |
|a ontologie (filozofie)
|7 ph123746
|2 czenas
|
| 650 |
0 |
9 |
|a time
|2 eczenas
|
| 650 |
0 |
9 |
|a being
|2 eczenas
|
| 650 |
0 |
9 |
|a human beings
|2 eczenas
|
| 650 |
0 |
9 |
|a soul
|2 eczenas
|
| 650 |
0 |
9 |
|a self-consciousness
|2 eczenas
|
| 650 |
0 |
9 |
|a intentionality (philosophy)
|2 eczenas
|
| 650 |
0 |
9 |
|a phenomenology
|2 eczenas
|
| 650 |
0 |
9 |
|a ontology
|2 eczenas
|
| 655 |
|
7 |
|a monografie
|7 fd132842
|2 czenas
|
| 655 |
|
9 |
|a monographs
|2 eczenas
|
| 710 |
2 |
|
|a Univerzita Karlova.
|b Pedagogická fakulta (Praha, Česko)
|7 kn20010710353
|
| 910 |
2 |
|
|a BOA001
|b 2-1333.505
|
| 990 |
|
|
|a BK
|
| 995 |
|
|
|a 01
|
| 991 |
|
|
|b 201411
|c NOV
|e n
|
| 996 |
6 |
|
|b 2610607968
|c 2-1333.505
|l MZK
|r Sklad / do 1 hodiny
|n 6
|p p.v.
|w 001465195
|u 000010
|a 1
|e BOA001
|j MZK50
|s P
|